000 00649nam a22002297a 4500
003 UA-OsUOA
001 96748
007 ta
008 20130321b un ||||| |||| 00| 0 ukr d
100 _aМислінський С.
090 _a821.162.1
_bМ95
942 _cBK
040 _aUA-OsUOA
_bukr
_cUA-OsUOA
_dUA-OsUOA
245 _aЗ одного казанка
_bхудожньо-документальна повість
300 _a277 с.
955 _a3
041 _aukr
080 _a821.162.1
260 _aК.
_bДніпро
_c1987
650 7 _a82 Література. Літературознавство
_2UDC
999 _c382992
_d382992